[Event "San Francisco Grey Memorial"]
[Site "San Francisco"]
[Date "2017.08.29"]
[Round "4"]
[White "Anderson, Michael Gene"]
[Black "Eastham, Asher Dan"]
[Result "1/2-1/2"]
[WhiteElo "1908"]
[BlackElo "1512"]
[PlyCount "114"]
[EventDate "2017.08.08"]
[EventType "swiss"]
[EventRounds "9"]
[EventCountry "USA"]
[SourceTitle "EXT 2023"]
[Source "ChessBase"]
[SourceDate "2022.10.05"]
[SourceVersion "1"]
[SourceVersionDate "2022.10.05"]
[SourceQuality "1"]

1. f4 d5 2. Nf3 Nf6 3. b3 c5 4. Bb2 Bf5 5. e3 e6 6. Be2 Be7 7. 0-0 0-0 8. Nh4 Nc6 9. d3 Qd7 10. Nd2 Rad8 11. a3 Rfe8 12. Rc1 h6 13. Nxf5 exf5 14. h3 Qe6 15. Rf3 Bd6 16. Bxf6 Qxf6 17. Qe1 Bc7 18. c3 Re6 19. b4 Qe7 20. Qg3 Re8 21. Nf1 Bb6 22. b5 Nb8 23. Bd1 Nd7 24. a4 Nf6 25. Bc2 d4 26. Bb3 Rd6 27. c4 Bc7 28. Re1 Re6 29. Qf2 a6 30. g3 Qd7 31. Qd2 Qd8 32. Re2 Ba5 33. Qc1 dxe3 34. Rfxe3 Qd4 35. Kg2 Rxe3 36. Rxe3 Kf8 37. Rxe8+ Nxe8 38. Qe3 Qxe3 39. Nxe3 g6 40. Nd5 Bd8 41. Bd1 Nf6 42. Nxf6 Bxf6 43. Bf3 axb5 44. cxb5 b6 45. g4 fxg4 46. hxg4 Bc3 47. Bc6 Ke7 48. Kf3 Ke6 49. Bb7 f6 50. Bc8+ Kd5 51. Bb7+ Kd4 52. Be4 g5 53. fxg5 hxg5 54. Ke2 Ke5 55. Ke3 Bd4+ 56. Kf3 Bc3 57. Bc6 Bd4 1/2-1/2

[Event "San Francisco TNM Summer op"]
[Site "San Francisco"]
[Date "2017.06.20"]
[Round "5"]
[White "Eastham, Asher Dan"]
[Black "Boldi, Nicholas Armen"]
[Result "1/2-1/2"]
[WhiteElo "1582"]
[BlackElo "1115"]
[PlyCount "195"]
[EventDate "2017.05.23"]
[EventType "swiss"]
[EventRounds "8"]
[EventCountry "USA"]
[SourceTitle "EXT 2023"]
[Source "ChessBase"]
[SourceDate "2022.10.05"]
[SourceVersion "1"]
[SourceVersionDate "2022.10.05"]
[SourceQuality "1"]

1. e4 e6 2. d4 d5 3. Nd2 c5 4. c3 Nc6 5. Ngf3 Qb6 6. exd5 exd5 7. Nb3 c4 8. Nbd2 Be7 9. Be2 Nf6 10. 0-0 Qd8 11. Re1 0-0 12. Nf1 Bd6 13. Bg5 Re8 14. Ne3 Be7 15. Qc2 Be6 16. Rad1 b5 17. Ne5 Rc8 18. Bf3 Qd6 19. Bf4 Qd8 20. Nf5 Bf8 21. Bg5 Bxf5 22. Qxf5 Re6 23. Ng4 Rxe1+ 24. Rxe1 Ne7 25. Nxf6+ gxf6 26. Qxf6 Rc6 27. Qf4 Ng6 28. Bxd8 Nxf4 29. Kf1 Nd3 30. Re2 Ra6 31. a3 Rh6 32. Bg5 Rd6 33. g3 Rg6 34. h4 Rd6 35. Be7 Bxe7 36. Rxe7 Nxb2 37. Rxa7 Na4 38. Bh5 Rf6 39. f4 Nxc3 40. Bf3 Rg6 41. g4 Re6 42. Kf2 Ne4+ 43. Kf1 Nd2+ 44. Kf2 Nxf3 45. Kxf3 Re4 46. Rb7 Rxd4 47. Rxb5 c3 48. Ke3 Rc4 49. Rb1 c2 50. Rc1 Re4+ 51. Kd3 Rxf4 52. Rxc2 Rxg4 53. h5 Rg3+ 54. Kd4 Rxa3 55. Rc5 Ra4+ 56. Kxd5 Rh4 57. Kd6 Kg7 58. Rf5 Kh6 59. Rxf7 Rxh5 60. Ke6 Rg5 61. Rf5 Rg6+ 62. Kf7 Rg5 63. Kf6 Rg6+ 64. Kf7 Rg7+ 65. Kf6 Ra7 66. Rf1 Ra6+ 67. Kf5 Ra5+ 68. Kf6 Ra6+ 69. Kf5 Ra8 70. Rh1+ Kg7 71. Rg1+ Kh8 72. Rh1 Rf8+ 73. Ke6 Rg8 74. Kf5 Rg6 75. Rh5 Rg1 76. Kf6 Rf1+ 77. Ke7 Kg7 78. Rh2 Rg1 79. Ke6 Kg6 80. Ra2 Re1+ 81. Kd5 h5 82. Ra4 Kg5 83. Rb4 h4 84. Rb8 Rd1+ 85. Ke4 Ra1 86. Rg8+ Kf6 87. Rh8 Ra4+ 88. Kf3 Kg5 89. Rg8+ Kh6 90. Rh8+ Kg7 91. Rh5 Kf6 92. Kg2 Kg6 93. Rh8 Kg5 94. Rg8+ Kf5 95. Rh8 Kg5 96. Rg8+ Kf5 97. Rh8 Ra1 98. Rxh4 1/2-1/2

[Event "San Francisco TNM Summer op"]
[Site "San Francisco"]
[Date "2017.05.23"]
[Round "1"]
[White "Eastham, Asher Dan"]
[Black "Fuentes, Romulo C"]
[Result "0-1"]
[WhiteElo "1582"]
[BlackElo "2145"]
[PlyCount "34"]
[EventDate "2017.05.23"]
[EventType "swiss"]
[EventRounds "8"]
[EventCountry "USA"]
[SourceTitle "EXT 2023"]
[Source "ChessBase"]
[SourceDate "2022.10.05"]
[SourceVersion "1"]
[SourceVersionDate "2022.10.05"]
[SourceQuality "1"]

1. e4 c5 2. Nf3 d6 3. d4 cxd4 4. Nxd4 Nf6 5. Nc3 a6 6. Be2 e5 7. Nb3 Be6 8. 0-0 Nbd7 9. Be3 b5 10. f4 Rc8 11. fxe5 dxe5 12. Bg5 Be7 13. Qd2 b4 14. Nd5 Nxe4 15. Bxe7 Nxd2 16. Bxd8 Nxf1 17. Rxf1 Bxd5 0-1

[Event "San Francisco TNM Winter op"]
[Site "San Francisco"]
[Date "2017.02.21"]
[Round "8"]
[White "Eastham, Asher Dan"]
[Black "James, Charles"]
[Result "1-0"]
[WhiteElo "1443"]
[BlackElo "1504"]
[PlyCount "55"]
[EventDate "2017.01.03"]
[EventType "swiss"]
[EventRounds "8"]
[EventCountry "USA"]
[SourceTitle "EXT 2018"]
[Source "ChessBase"]
[SourceDate "2017.10.13"]
[SourceVersion "1"]
[SourceVersionDate "2017.10.13"]
[SourceQuality "1"]

1. e4 d5 2. exd5 Qxd5 3. Nc3 Qd8 4. d4 Nf6 5. Nf3 Bg4 6. Be2 e6 7. 0-0 Nbd7 8. Bf4 c6 9. a3 Nh5 10. Qd2 Nxf4 11. Qxf4 Nf6 12. Ne4 Be7 13. Nxf6+ gxf6 14. Qxg4 Qc7 15. b4 0-0-0 16. c4 h5 17. Qe4 f5 18. Qe3 Bd6 19. d5 c5 20. dxe6 Rde8 21. h3 Rxe6 22. Qc3 Rg8 23. Bd3 Be5 24. Nxe5 Rxe5 25. Rfe1 f6 26. Rxe5 fxe5 27. Bxf5+ Kb8 28. Re1 1-0

[Event "San Francisco TNM Fall op"]
[Site "San Francisco"]
[Date "2016.12.06"]
[Round "8"]
[White "Eastham, Asher Dan"]
[Black "McKellar, Daniel"]
[Result "1/2-1/2"]
[WhiteElo "1548"]
[BlackElo "1745"]
[PlyCount "104"]
[EventDate "2016.10.18"]
[EventType "swiss"]
[EventRounds "9"]
[EventCountry "USA"]
[SourceTitle "EXT 2018"]
[Source "ChessBase"]
[SourceDate "2017.10.13"]
[SourceVersion "1"]
[SourceVersionDate "2017.10.13"]
[SourceQuality "1"]

1. e4 c5 2. Nf3 g6 3. d4 cxd4 4. Nxd4 Bg7 5. Be3 Nc6 6. Nc3 Nf6 7. f3 0-0 8. Qd2 d5 9. Nxc6 bxc6 10. 0-0-0 Be6 11. Kb1 dxe4 12. Nxe4 Nxe4 13. fxe4 Qxd2 14. Rxd2 Rab8 15. b3 a5 16. Bd3 a4 17. Bc5 axb3 18. cxb3 Bf6 19. Rhd1 Bg5 20. Rc2 Rfd8 21. Be2 Rxd1+ 22. Bxd1 Rd8 23. Be2 f5 24. e5 Rd5 25. Bf3 Rxe5 26. Bxc6 Bf6 27. Bb5 Kf7 28. Bc4 Re1+ 29. Rc1 Rxc1+ 30. Kxc1 Bxc4 31. bxc4 e5 32. a4 Bd8 33. Bd6 Ke6 34. Bb8 e4 35. Kd2 Kd7 36. Ke3 Bb6+ 37. Ke2 Kc6 38. Kd2 Kc5 39. Kc3 Ba5+ 40. Kb3 Bd2 41. Ba7+ Kc6 42. Kc2 e3 43. g3 g5 44. Kd3 f4 45. gxf4 gxf4 46. Ke2 Kb7 47. Bd4 Kc6 48. Be5 f3+ 49. Kxf3 Kc5 50. Ke2 Kxc4 51. Bf4 Kd4 52. Bh6 Ke4 1/2-1/2

[Event "San Francisco Benson Memorial"]
[Site "San Francisco"]
[Date "2016.09.20"]
[Round "8"]
[White "Andries, Craig"]
[Black "Eastham, Asher Dan"]
[Result "1-0"]
[WhiteElo "1877"]
[BlackElo "1568"]
[PlyCount "53"]
[EventDate "2016.08.02"]
[EventType "swiss"]
[EventRounds "9"]
[EventCountry "USA"]
[SourceTitle "EXT 2018"]
[Source "ChessBase"]
[SourceDate "2017.10.13"]
[SourceVersion "1"]
[SourceVersionDate "2017.10.13"]
[SourceQuality "1"]

1. d4 d5 2. f4 Nf6 3. Nf3 Bf5 4. e3 e6 5. Bd3 Bg6 6. 0-0 Be7 7. Ng5 Bh5 8. Qe1 c5 9. f5 h6 10. Nh3 c4 11. Be2 exf5 12. Bxh5 Nxh5 13. Rxf5 Nf6 14. Nf2 Qd7 15. Rf3 Nc6 16. c3 0-0 17. Nd2 Rfe8 18. Nf1 Bd6 19. Ng3 Bxg3 20. Rxg3 Re6 21. Bd2 b5 22. Qf1 Na5 23. Re1 Ne4 24. Nxe4 Rxe4 25. Qf6 Rg4 26. Rxg4 Qxg4 27. Qa6 1-0

[Event "San Francisco Benson Memorial"]
[Site "San Francisco"]
[Date "2016.09.13"]
[Round "7"]
[White "Bayaraa, Bilguun"]
[Black "Eastham, Asher Dan"]
[Result "0-1"]
[WhiteElo "1028"]
[BlackElo "1568"]
[PlyCount "150"]
[EventDate "2016.08.02"]
[EventType "swiss"]
[EventRounds "9"]
[EventCountry "USA"]
[SourceTitle "EXT 2018"]
[Source "ChessBase"]
[SourceDate "2017.10.13"]
[SourceVersion "1"]
[SourceVersionDate "2017.10.13"]
[SourceQuality "1"]

1. d4 d5 2. Nf3 Nf6 3. g3 Bf5 4. Bg2 e6 5. Nc3 Be7 6. Bf4 0-0 7. Nb5 Na6 8. 0-0 c6 9. Nc3 Rc8 10. Ne5 Nh5 11. Qd2 Nxf4 12. Qxf4 Bxc2 13. Qd2 Bf5 14. Rae1 f6 15. Nf3 Bb4 16. a3 Ba5 17. Nh4 Bg4 18. e4 Nc7 19. exd5 exd5 20. b4 Bb6 21. a4 a6 22. a5 Ba7 23. h3 Bh5 24. Re3 Qd7 25. Qa2 Bxd4 26. Rd3 Bxc3 27. Rxc3 Bf7 28. Qc2 Rfe8 29. Rd1 Nb5 30. Rc5 Qe7 31. Bf3 Na3 32. Qc3 Nc4 33. Bg4 Rcd8 34. Nf3 Ne5 35. Nh2 Nxg4 36. Nxg4 Bh5 37. Rf1 Bxg4 38. hxg4 Qe4 39. f3 Qe3+ 40. Kg2 Qxc3 41. Rxc3 Re2+ 42. Kh3 Kf7 43. f4 Rde8 44. g5 f5 45. g4 R8e3+ 46. Rf3 Rxf3+ 47. Rxf3 fxg4+ 48. Kxg4 Re4 49. Rb3 Ke6 50. Kh5 Kf5 51. Kh4 Rxf4+ 52. Kg3 Kxg5 53. Kh3 g6 54. Rg3+ Kf5 55. Re3 h5 56. Re7 Rxb4 57. Rf7+ Ke6 58. Rg7 Kf6 59. Rg8 c5 60. Rf8+ Kg7 61. Rc8 c4 62. Rc7+ Kf6 63. Rc8 d4 64. Rf8+ Kg5 65. Re8 Rb3+ 66. Kg2 Kf4 67. Re2 c3 68. Kf2 Rb2 69. Ke1 Rxe2+ 70. Kxe2 Ke4 71. Kd1 d3 72. Kc1 Ke3 73. Kd1 d2 74. Kc2 Ke2 75. Kxc3 d1Q 0-1

[Event "San Francisco TNM Summer op"]
[Site "San Francisco"]
[Date "2016.05.24"]
[Round "1"]
[White "Eastham, Asher Dan"]
[Black "Traub, Igor Vladimirovich"]
[Result "0-1"]
[WhiteElo "1576"]
[BlackElo "2136"]
[PlyCount "74"]
[EventDate "2016.05.24"]
[EventType "swiss"]
[EventRounds "8"]
[EventCountry "USA"]
[SourceTitle "EXT 2018"]
[Source "ChessBase"]
[SourceDate "2017.10.13"]
[SourceVersion "1"]
[SourceVersionDate "2017.10.13"]
[SourceQuality "1"]

1. e4 d5 2. exd5 Nf6 3. d4 Nxd5 4. Nf3 g6 5. Be2 Bg7 6. 0-0 0-0 7. c4 Nb6 8. Be3 Nc6 9. Nc3 e5 10. dxe5 Nxe5 11. Nxe5 Bxe5 12. Qd2 Be6 13. b3 Qxd2 14. Bxd2 Rad8 15. Be1 c6 16. Rc1 a5 17. a4 Bf4 18. Rd1 Rxd1 19. Bxd1 Bf5 20. g3 Be5 21. f4 Bd4+ 22. Bf2 Bxc3 23. Bxb6 Re8 24. Kf2 Bd3 25. Rg1 f6 26. g4 Bd2 27. Kg3 Kf7 28. h4 Be1+ 29. Kh3 Bb4 30. g5 f5 31. Kg3 c5 32. Kf2 Re4 33. Bc7 Bc3 34. Kf3 Ke7 35. Rh1 Kd7 36. Bb8 Re8 37. Ba7 Be4+ 0-1

[Event "San Francisco TNM Winter op"]
[Site "San Francisco"]
[Date "2016.01.19"]
[Round "3"]
[White "Eastham, Asher Dan"]
[Black "Hack, Richard"]
[Result "1-0"]
[WhiteElo "1499"]
[BlackElo "1654"]
[PlyCount "33"]
[EventDate "2016.01.05"]
[EventType "swiss"]
[EventRounds "8"]
[EventCountry "USA"]
[SourceTitle "EXT 2018"]
[Source "ChessBase"]
[SourceDate "2017.10.13"]
[SourceVersion "1"]
[SourceVersionDate "2017.10.13"]
[SourceQuality "1"]

1. e4 e5 2. Nf3 Nc6 3. Bc4 Bc5 4. c3 Nf6 5. d4 exd4 6. cxd4 Bb4+ 7. Bd2 Nxe4 8. Bxb4 d5 9. Bb5 Qf6 10. 0-0 Bg4 11. Bxc6+ bxc6 12. Nbd2 Rb8 13. a3 Ng5 14. Qe1+ Kd8 15. Nxg5 Qxg5 16. Qe5 Qxe5 17. dxe5 1-0

[Event "San Francisco TNM Fall op"]
[Site "San Francisco"]
[Date "2015.11.03"]
[Round "3"]
[White "Eastham, Asher Dan"]
[Black "Delaney, Will Fred"]
[Result "1/2-1/2"]
[WhiteElo "1379"]
[BlackElo "1777"]
[PlyCount "121"]
[EventDate "2015.10.20"]
[EventType "swiss"]
[EventRounds "9"]
[EventCountry "USA"]
[SourceTitle "EXT 2023"]
[Source "ChessBase"]
[SourceDate "2022.10.05"]
[SourceVersion "1"]
[SourceVersionDate "2022.10.05"]
[SourceQuality "1"]

1. e4 c5 2. Nf3 Nc6 3. d4 cxd4 4. Nxd4 Nf6 5. Nc3 g6 6. Be3 Bg7 7. f3 Qc7 8. Ndb5 Qb8 9. Qd2 a6 10. Nd4 Nxd4 11. Bxd4 b5 12. Nd5 Qd6 13. Nxf6+ Bxf6 14. Bxf6 Qxf6 15. 0-0-0 d6 16. Qd4 Qxd4 17. Rxd4 Be6 18. h4 h5 19. g3 0-0 20. b3 Rac8 21. Bh3 Bxh3 22. Rxh3 Rc3 23. Rd3 Rfc8 24. Rxc3 Rxc3 25. f4 Re3 26. e5 dxe5 27. fxe5 Rxe5 28. Rh2 Re1+ 29. Kd2 Rg1 30. Re2 e6 31. Re3 Kf8 32. a3 Ke7 33. c4 bxc4 34. bxc4 Kd6 35. Kc3 a5 36. Kd4 e5+ 37. Kc3 e4 38. Kd4 f5 39. c5+ Ke6 40. Rc3 Rd1+ 41. Ke3 Rd8 42. c6 Kd6 43. Kd4 Rc8 44. Rc5 Rxc6 45. Rxa5 Ke6 46. a4 Rd6+ 47. Ke3 Rd3+ 48. Kf2 Rf3+ 49. Kg2 Ra3 50. Ra6+ Kf7 51. Ra7+ Kf6 52. Ra6+ Kg7 53. Ra7+ Kh6 54. Kf2 Ra2+ 55. Ke3 Rg2 56. Kf4 e3 57. Kf3 Rg1 58. Re7 Ra1 59. Ra7 Ra3 60. Ke2 f4 61. gxf4 1/2-1/2

[Event "San Francisco TNM Fall op"]
[Site "San Francisco"]
[Date "2015.10.20"]
[Round "1"]
[White "Rudyak, Felix"]
[Black "Eastham, Asher Dan"]
[Result "0-1"]
[WhiteElo "2000"]
[BlackElo "1379"]
[PlyCount "50"]
[EventDate "2015.10.20"]
[EventType "swiss"]
[EventRounds "9"]
[EventCountry "USA"]
[SourceTitle "EXT 2023"]
[Source "ChessBase"]
[SourceDate "2022.10.05"]
[SourceVersion "1"]
[SourceVersionDate "2022.10.05"]
[SourceQuality "1"]

1. d4 d5 2. c4 e6 3. Nc3 Nf6 4. Bg5 Be7 5. e3 h6 6. Bh4 0-0 7. Nf3 Nbd7 8. Qc2 c5 9. g4 Nxg4 10. Bxe7 Qxe7 11. cxd5 cxd4 12. Nxd4 Qh4 13. Qe2 Nde5 14. h3 exd5 15. Bg2 Nxf2 16. Kd2 Nxh1 17. Rxh1 Be6 18. Rf1 Rfd8 19. Rf4 Qg3 20. b3 Rac8 21. Bf1 Bxh3 22. Bxh3 Qxh3 23. Nf5 d4 24. Ne7+ Kf8 25. Ncd5 Rc2+ 0-1

[Event "San Francisco TNM Summer op"]
[Site "San Francisco"]
[Date "2015.06.09"]
[Round "3"]
[White "Hack, Richard"]
[Black "Eastham, Asher Dan"]
[Result "0-1"]
[WhiteElo "1699"]
[BlackElo "1433"]
[PlyCount "42"]
[EventDate "2015.05.26"]
[EventType "swiss"]
[EventRounds "8"]
[EventCountry "USA"]
[SourceTitle "EXT 2016"]
[Source "ChessBase"]
[SourceDate "2015.10.08"]
[SourceVersion "1"]
[SourceVersionDate "2015.10.08"]
[SourceQuality "1"]

1. e4 e5 2. Nf3 Nc6 3. Bb5 a6 4. Ba4 Nf6 5. 0-0 Nxe4 6. d4 b5 7. Bb3 d5 8. dxe5 Be6 9. c3 Be7 10. Nbd2 Nc5 11. Bc2 0-0 12. Re1 d4 13. Ne4 d3 14. Nxc5 dxc2 15. Qxc2 Bxc5 16. Ng5 g6 17. Re4 Bf5 18. Qe2 h6 19. Nf3 Bxe4 20. Qxe4 Qd1+ 21. Ne1 Rfe8 0-1

[Event "San Francisco TNM Spring op"]
[Site "San Francisco"]
[Date "2015.05.05"]
[Round "8"]
[White "Eastham, Asher Dan"]
[Black "Morgan, Jerry"]
[Result "1/2-1/2"]
[WhiteElo "1289"]
[BlackElo "1512"]
[PlyCount "74"]
[EventDate "2015.03.17"]
[EventType "swiss"]
[EventRounds "8"]
[EventCountry "USA"]
[SourceTitle "EXT 2016"]
[Source "ChessBase"]
[SourceDate "2015.10.08"]
[SourceVersion "1"]
[SourceVersionDate "2015.10.08"]
[SourceQuality "1"]

1. e4 Nf6 2. e5 Nd5 3. d4 d6 4. c4 Nb6 5. exd6 exd6 6. Nc3 Nc6 7. Nf3 Bg4 8. Be3 Be7 9. h3 Bh5 10. a3 0-0 11. Bd3 Bf6 12. c5 dxc5 13. dxc5 Bxc3+ 14. bxc3 Nd5 15. Bd2 Qe7+ 16. Kf1 Ne5 17. Be4 Qxc5 18. Bxh7+ Kh8 19. Be4 Rad8 20. Qc2 Qc4+ 21. Kg1 Bxf3 22. Bxf3 Nxf3+ 23. gxf3 Rfe8 24. Re1 Rxe1+ 25. Bxe1 Rd6 26. Qe4 Rg6+ 27. Kh2 Qb3 28. Qe8+ Kh7 29. Qe4 c6 30. Qh4+ Rh6 31. Qe4+ Kg8 32. Qe8+ Kh7 33. Qxf7 Rf6 34. Qh5+ Kg8 35. Qe8+ Kh7 36. Qh5+ Kg8 37. Qe8+ Kh7 1/2-1/2

[Event "San Francisco TNM Spring op"]
[Site "San Francisco"]
[Date "2015.04.28"]
[Round "7"]
[White "James, Charles"]
[Black "Eastham, Asher Dan"]
[Result "0-1"]
[WhiteElo "1409"]
[BlackElo "1289"]
[PlyCount "64"]
[EventDate "2015.03.17"]
[EventType "swiss"]
[EventRounds "8"]
[EventCountry "USA"]
[SourceTitle "EXT 2016"]
[Source "ChessBase"]
[SourceDate "2015.10.08"]
[SourceVersion "1"]
[SourceVersionDate "2015.10.08"]
[SourceQuality "1"]

1. d4 d5 2. c4 e6 3. Nc3 Nf6 4. cxd5 exd5 5. Bg5 Be7 6. f3 Nbd7 7. e3 c5 8. Nge2 0-0 9. Qc2 b6 10. Ng3 h6 11. Bxf6 Nxf6 12. Be2 Bb7 13. 0-0 cxd4 14. exd4 Rc8 15. Nf5 Bb4 16. Qb3 Ba5 17. Rac1 a6 18. Qa3 Bxc3 19. Ne7+ Kh8 20. Nxc8 Bxd4+ 21. Kh1 Bxc8 22. Bxa6 Bxa6 23. Qxa6 Bxb2 24. Rb1 Bd4 25. a4 Re8 26. Qb5 Qe7 27. Rfd1 Bc5 28. Rbc1 d4 29. h3 Nd5 30. Qd3 Nc3 31. Rd2 Qe3 32. Qxe3 Rxe3 0-1